000 00664nam a22001937a 4500
005 20100728102933.0
010 _aENG-97195
020 _a9788190792189
_c125.00
035 _aEN-80728
037 _bDBAD/PUB
082 _a660
100 _aDurairaj, P
_91979
245 _aA text book on Engineering Chemistry /
_cby P Durairaj
260 _aTamil Nadu
_bWisdom Publications
_c2006
270 _a59, Police Line 6th Street, Panruti, Cuddalore (DT)
_bTamil Nadu
_e607106
300 _a78 p.
_c26 cm.(pbk)
942 _2ddc
_cEN
_h660
_mDUR
999 _c38008
_d38008